| 000 | 00518nam a22001817a 4500 | ||
|---|---|---|---|
| 005 | 20161010151623.0 | ||
| 010 | _aENG-116200 | ||
| 020 |
_a9789380677835 _c275.00 |
||
| 035 | _aEN-99732 | ||
| 037 | _bDBAD/PUB | ||
| 082 | _a144.092 | ||
| 245 |
_aSocial thinkers of modern time / _cedited by Pradip Basu |
||
| 260 |
_aKolkata _bSetu Prakashani _c2015 |
||
| 270 |
_a12/A, Shankar Ghosh Lane _bKolkata _e6 |
||
| 300 |
_a191p. _bill _c21cm(pbk) |
||
| 700 | _a Basu,Pradip | ||
| 942 |
_2ddc _cEN _h144.092 |
||
| 999 |
_c103969 _d103969 |
||